人口密度の低い市町村TOP100 - Statistics

General Stats
  • This quiz has been taken 628 times
  • The average score is 46 of 100
Answer Stats
順位 都道府県 人口密度(人/km^2) % Correct
1 福島県 0.0 双葉町
84%
31 奈良県 4.6 十津川村
82%
2 福島県 1.3 檜枝岐村
74%
9 北海道 2.6 音威子府村
73%
86 北海道 9.6 夕張市
73%
3 奈良県 1.6 上北山村
71%
6 奈良県 2.3 野迫川村
67%
28 北海道 4.4 猿払村
67%
45 奈良県 5.6 下北山村
67%
32 北海道 4.7 足寄町
66%
78 福島県 8.6 浪江町
65%
7 北海道 2.3 占冠村
63%
4 北海道 1.8 幌加内町
61%
76 和歌山県 8.4 北山村
61%
66 北海道 7.6 豊富町
60%
43 北海道 5.5 新得町
59%
10 山梨県 3.0 早川町
58%
13 北海道 3.3 上川町
58%
42 福島県 5.4 只見町
58%
8 北海道 2.6 中川町
57%
14 北海道 3.4 西興部村
57%
16 北海道 3.7 陸別町
57%
63 北海道 6.8 枝幸町
57%
77 北海道 8.6 浜頓別町
57%
15 北海道 3.6 南富良野町
55%
21 北海道 4.1 中頓別町
55%
20 北海道 3.9 初山別村
54%
72 北海道 8.0 標津町
54%
5 長野県 2.3 王滝村
53%
24 岐阜県 4.2 白川村
53%
59 北海道 6.6 標茶町
52%
74 北海道 8.3 天塩町
52%
90 北海道 10.0 興部町
51%
100 北海道 10.6 増毛町
51%
19 高知県 3.8 大川村
50%
22 北海道 4.1 幌延町
50%
27 奈良県 4.3 川上村
50%
82 北海道 9.0 弟子屈町
50%
36 北海道 4.9 下川町
49%
29 高知県 4.5 馬路村
48%
58 愛知県 6.5 豊根村
48%
61 北海道 6.6 大樹町
48%
62 奈良県 6.7 天川村
48%
64 北海道 6.9 上士幌町
48%
84 北海道 9.4 白糠町
48%
25 北海道 4.2 赤井川村
47%
26 北海道 4.3 遠別町
47%
33 宮城県 4.7 椎葉村
47%
30 北海道 4.5 鶴居村
46%
40 山梨県 5.2 丹波山村
46%
35 宮城県 4.8 七ヶ宿町
44%
71 秋田県 8.0 上小阿仁村
44%
89 長野県 9.9 小谷村
43%
91 群馬県 10.2 片品村
43%
48 北海道 5.9 神恵内村
42%
60 北海道 6.6 雄武町
42%
11 北海道 3.1 島牧村
41%
12 北海道 3.2 滝上町
41%
23 長野県 4.1 大鹿村
41%
34 北海道 4.8 小平町
41%
50 北海道 6.0 浦幌町
41%
52 長野県 6.1 栄村
41%
51 北海道 6.1 津別町
40%
53 北海道 6.2 美深町
40%
54 群馬県 6.2 上野村
40%
67 北海道 7.7 積丹町
40%
69 北海道 7.9 上ノ国町
40%
80 岩手県 8.8 岩泉町
40%
18 宮崎県 3.7 西米良村
39%
39 青森県 5.1 西目屋村
39%
73 北海道 8.1 黒松内町
39%
87 山形県 9.6 小国町
39%
17 熊本県 3.7 五木村
38%
49 福島県 5.9 昭和村
38%
57 北海道 6.5 苫前町
38%
46 福島県 5.7 飯舘村
37%
56 北海道 6.4 平取町
36%
75 和歌山県 8.4 古座川町
36%
79 岩手県 8.7 西和賀町
36%
38 福島県 5.0 葛尾村
35%
41 北海道 5.3 置戸町
35%
68 北海道 7.8 厚沢部町
35%
37 長野県 5.0 平谷村
34%
81 北海道 8.9 今金町
34%
85 長野県 9.5 根羽村
34%
44 北海道 5.6 豊頃町
32%
47 高知県 5.8 北川村
32%
55 福島県 6.3 金山町
32%
65 鹿児島県 7.3 十島村
32%
98 新潟県 10.5 阿賀町
32%
99 徳島県 10.6 那賀町
32%
70 宮崎県 7.9 諸塚村
29%
92 北海道 10.2 蘭越町
29%
83 北海道 9.1 新冠町
28%
93 高知県 10.3 大豊町
26%
88 北海道 9.6 清里町
25%
94 秋田県 10.3 藤里町
24%
97 福島県 10.4 川内村
24%
95 北海道 10.3 沼田町
23%
96 北海道 10.4 愛別町
20%
No matching quizzes found
Score Distribution
Percent of People with Each Score
Percentile by Number Answered
Your Score History
You have not taken this quiz